|
|
|
|
| LEADER |
00812nam a22002412a 4500 |
| 001 |
000951787 |
| 003 |
CZ BrMZK |
| 005 |
20091013071526.0 |
| 007 |
ta |
| 008 |
090701s1965 xo er|||||||||||hun d |
| 040 |
|
|
|a BOA001
|b cze
|
| 041 |
1 |
|
|a hun
|h slo
|
| 100 |
1 |
|
|a Rusnák, Igor,
|d 1936-2021
|7 ola2002153181
|4 aut
|
| 245 |
1 |
0 |
|a Isten háta mögött :
|b négy évszak drámája /
|c Igor Rusnák ; fordít. László Hatvani
|
| 260 |
|
|
|a Bratislava :
|b Slovenské divadelné a literárne zastupiteľstvo,
|c 1965
|
| 300 |
|
|
|a 80 s.
|
| 500 |
|
|
|a Přeloženo ze slovenštiny
|
| 700 |
1 |
|
|a Hatvani, László
|4 trl
|
| 765 |
0 |
|
|t Lišky dobrú noc
|9 Maďarsky
|
| 910 |
|
|
|a BOA001
|b 1-0565.661
|
| 990 |
|
|
|a BK
|
| 991 |
|
|
|b 200906
|
| 996 |
7 |
|
|b 2619468632
|c 1-0565.661
|l MZK
|r Sklad / do 1 hodiny
|n 0
|w 001083687
|u 000010
|a 1
|e BOA001
|j MZK50
|s A
|